000 00761nam a2200229Ii 4500
003 JO-AjNU
008 230605s9999||||xx |||||||||||||| ||und||
017 _a2005/6201
020 _a99901-06-626
040 _aJO-AjNU
_bara
_erda
_cJO-AjNU
041 _aara
050 1 4 _aK1401.2007
100 3 _aخاطر، صبري حمد,
_eauthor
_953153
245 0 0 _aالملكية الفكرية : دراسة مقارنة في القانون البحريني
250 _aط1
264 3 1 _aالبحرين : جامعة البحرين ، 2007
300 _a585ص
336 _atext
_btxt
_2rdacontent
337 _aunmediated
_bn
_2rdamedia
338 _avolume
_bnc
_2rdacarrier
650 4 _aالملكية الفكرية -- قانون -- البحرين
_953154
999 _aA23589
_c27157
_d27157